Civil War to WWII.
In this episode, the role snipers played in shaping four major conflicts is explored: The Civil War, the Plains Indian War, WWI and WWII..
| Corporate Authors: | , |
|---|---|
| Format: | Video |
| Language: | English |
| Language Notes: | In English |
| Published: |
[San Francisco, California, USA] :
Mill Creek Entertainment,
2011.
Kanopy Streaming, 2016. |
| Subjects: | |
| Online Access: | Connect to this streaming video |
MARC
| Tag | First Indicator | Second Indicator | Subfields |
|---|---|---|---|
| LEADER | 00000cgm a22000004a 4500 | ||
| 001 | in00003751821 | ||
| 006 | m o c | ||
| 007 | cr una---unuuu | ||
| 007 | vz uzazuu | ||
| 008 | 160825p20162011cau049 o vleng d | ||
| 005 | 20260324165453.6 | ||
| 028 | 5 | 2 | |a 1179588 |b Kanopy |
| 035 | |a (OCoLC)956907487 | ||
| 035 | |a (CaSfKAN)kan1179588 | ||
| 040 | |a VDU |b eng |c VDU |d UtOrBLW | ||
| 245 | 0 | 0 | |a Civil War to WWII. |
| 264 | 1 | |b Mill Creek Entertainment, |c 2011. | |
| 264 | 1 | |a [San Francisco, California, USA] : |b Kanopy Streaming, |c 2016. | |
| 300 | |a 1 online resource (streaming video file) (50 minutes): |b digital, .flv file, sound | ||
| 306 | |a 004925 | ||
| 336 | |a two-dimensional moving image |b tdi |2 rdacontent | ||
| 337 | |a computer |b c |2 rdamedia | ||
| 338 | |a online resource |b cr |2 carrier | ||
| 500 | |a Title from title frames. | ||
| 500 | |a Film | ||
| 518 | |a Originally produced by Mill Creek Entertainment in 2011. | ||
| 520 | |a In this episode, the role snipers played in shaping four major conflicts is explored: The Civil War, the Plains Indian War, WWI and WWII.. | ||
| 538 | |a Mode of access: World Wide Web. | ||
| 546 | |a In English | ||
| 500 | |a Electronic resource. | ||
| 650 | 0 | |a History, Military. | |
| 653 | |a North American Studies | ||
| 655 | 7 | |a Internet videos. |2 lcgft |0 http://id.loc.gov/authorities/genreForms/gf2011026337 | |
| 655 | 4 | |a North American Studies. | |
| 655 | 7 | |a Educational films. |2 lcgft |0 http://id.loc.gov/authorities/genreForms/gf2011026219 | |
| 710 | 2 | |a Mill Creek Entertainment (Firm),$4dst. | |
| 710 | 2 | |a Kanopy (Firm),$4dst. | |
| 856 | 4 | 0 | |u http://proxy.library.tamu.edu/login?url=https://texasam.kanopystreaming.com/node/179589 |z Connect to this streaming video |t 0 |
| 999 | f | f | |s d0687b94-fcb1-3d1b-9b68-c246f18c2933 |i 6e01da9a-4da8-3baa-94f5-a888084146b5 |t 0 |
| 952 | f | f | |a Texas A&M University |b College Station |c Electronic Resources |s www_evans |d Available Online |t 0 |h No information provided |
| 998 | f | f | |t 0 |l Available Online |